Úloha nefinančných ukazovateľov v podniku

Analýza a zhodnotenie predchádzajúcich výskumov o nefinančných ukazovateľoch podnikových aktivít. Prehľad a systemizácia nefinančných ukazovateľov používaných na hodnotenie podnikateľskej činnosti, vrátane výkonnosti malých podnikov.

Na minha lista:
Detalhes bibliográficos
Autor principal: Sabolová, Martina
Formato: Capítulo de Livro
Idioma:eslovaco
Assuntos:
Tags: Adicionar Tag
Sem tags, seja o primeiro a adicionar uma tag!

MARC

LEADER 00000nla a2200000 4500
001 0181248
005 20240502073116.8
041 0 |a slo 
044 |a SK 
245 1 0 |a Úloha nefinančných ukazovateľov v podniku  |c Martina Sabolová 
520 |a Analýza a zhodnotenie predchádzajúcich výskumov o nefinančných ukazovateľoch podnikových aktivít. Prehľad a systemizácia nefinančných ukazovateľov používaných na hodnotenie podnikateľskej činnosti, vrátane výkonnosti malých podnikov. 
610 2 0 |a podnik 
610 2 0 |a výkonnosť podniku 
610 2 0 |a ukazovatele 
610 2 0 |a ukazovatele finančné 
610 2 0 |a ukazovatele výkonnosti 
610 2 0 |a metóda BSC 
100 1 |a Sabolová, Martina